| 000 | 02225cam a2200505 4500500 | ||
|---|---|---|---|
| 005 | 20260322003547.0 | ||
| 041 | _afre | ||
| 042 | _adc | ||
| 100 | 1 | 0 |
_aBauer, Olivier _eauthor |
| 245 | 0 | 0 | _aQue font trois concombres sur une Cène peinte par Carlo Crivelli en 1488 ? |
| 260 | _c2022. | ||
| 500 | _a46 | ||
| 520 | _aOlivier Bauer explique ce que pouvaient évoquer des concombres peints sur une Cène vénitienne à la fin du Moyen Âge. Après avoir identifié leurs valeurs lexicographique, diététique, gastronomique et symbolique, examiné l’hypothèse qu’ils seraient la signature de l’artiste, il conclut que les concombres donnent une saveur particulière à l’œuvre et partant, à l’épisode biblique qu’il illustre ainsi qu’au rite liturgique qu’il évoque. | ||
| 520 | _aThis article explains what cucumbers painted on a Venetian Last Supper could evoke at the end of the Middle Ages. After identifying their lexicographic, dietary, gastronomic, and symbolic values, examining the hypothesis that they would be the artist’s signature, the author concludes that cucumbers give a particular flavour to the work and therefore to the biblical episode that it illustrates and to the liturgical rite which it evokes. | ||
| 690 | _aaliment | ||
| 690 | _aCarlo Crivelli | ||
| 690 | _aCène | ||
| 690 | _aconcombre | ||
| 690 | _acornichon | ||
| 690 | _ae | ||
| 690 | _aHans Mürer der Ältere | ||
| 690 | _ahistoire de l’art | ||
| 690 | _ainterprétation | ||
| 690 | _aItalie | ||
| 690 | _apeinture | ||
| 690 | _asémiotique | ||
| 690 | _asiècle | ||
| 690 | _asymbole | ||
| 690 | _axv | ||
| 690 | _a15th century | ||
| 690 | _aart history | ||
| 690 | _aCarlo Crivelli | ||
| 690 | _acucumber | ||
| 690 | _afood | ||
| 690 | _aHans Mürer der Ältere | ||
| 690 | _ainterpretation | ||
| 690 | _aItaly | ||
| 690 | _aLast Supper | ||
| 690 | _apainting | ||
| 690 | _apickle | ||
| 690 | _asemiotic | ||
| 690 | _asymbol | ||
| 786 | 0 | _nÉtudes théologiques et religieuses | 97 | 3 | 2022-09-20 | p. 289-307 | 0014-2239 | |
| 856 | 4 | 1 | _uhttps://shs.cairn.info/revue-etudes-theologiques-et-religieuses-2022-3-page-289?lang=fr&redirect-ssocas=7080 |
| 999 |
_c1733163 _d1733163 |
||